Chansons de Michel Berger - Statistiques

Statistiques générales
  • Ce quiz a été pris 33 fois
  • Le résultat moyen est 18 sur 129
Statistiques - réponses
Album Titre % Correct
Beauséjour 1 La Groupie du pianiste
90%
Ça ne tient pas debout 5 Le Paradis blanc
86%
Mon piano danse 10 Mon piano danse
66%
Voyou 1 Voyou
59%
Voyou 5 Les Princes des villes
55%
Que l'amour est bizarre 12 Que l'amour est bizarre
55%
Beauséjour 7 Quelques mots d'amour
55%
Beaurivage 1 Mademoiselle Chang
52%
Que l'amour est bizarre 7 Seras-tu là ?
52%
Ça ne tient pas debout 1 Ça ne tient pas debout
48%
Voyou 8 Diego libre dans sa tête
48%
Michel Berger 12 Pour me comprendre
45%
Beauséjour 4 Celui qui chante
41%
Chansons pour une fan 3 Chanson pour une fan
41%
Différences 2 Chanter pour ceux qui sont loin de chez eux
41%
D'autres filles 2 D'autres filles
34%
Double Jeu 1 Laissez passer les rêves
31%
Michel Berger 7 Attends-moi
28%
Chansons pour une fan 5 Mon fils rira du rock'n'roll
28%
Chansons pour une fan 11 Écoute la musique (Quelle consolation fantastique)
24%
Voyou 2 La Minute de silence
24%
Double Jeu 9 Les Élans du cœur
24%
Double Jeu 3 Superficiel et léger
24%
Chansons pour une fan 1 À moitié, à demi, pas du tout
21%
Mon piano danse 4 La Bonne Musique
21%
Que l'amour est bizarre 5 L'amour est là
21%
Voyou 6 Lumière du jour
21%
Michel Berger 5 Je reviens de loin
17%
D'autres filles 7 La Camomille
17%
Mon piano danse 9 Suis ta musique où elle va
17%
Double Jeu 2 Bats-toi
14%
Mon piano danse 5 La Génération du Sergent Poivre
14%
Double Jeu 4 La Petite de Calmette
14%
Michel Berger 2 Si tu t'en vas
14%
Différences 7 Y'a pas de honte
14%
D'autres filles 5 Amour et soda
10%
Ça ne tient pas debout 2 À quoi il sert
10%
Beauséjour 6 Attendre
10%
Beaurivage 2 Ballade pour une Pauline triste
10%
Ça ne tient pas debout 8 Chanson pour Man Ray
10%
Double Jeu 10 Jamais partir
10%
Double Jeu 6 La Lettre
10%
Que l'amour est bizarre 11 L'amour existe encore
10%
Ça ne tient pas debout 9 L'Orange bleue
10%
Voyou 4 Mandoline
10%
Beaurivage 6 Maria Carmencita, sourde et muette
10%
Michel Berger 3 Ni reine, ni princesse
10%
Michel Berger 8 Personne n'écoute
10%
Chansons pour une fan 9 Peut être toi, peut être moi
10%
Différences 3 Quand on est ensemble
10%
Mon piano danse 1 Rendez-vous sur la Cienega
10%
Que l'amour est bizarre 8 Si tu écoutes mes doigts
10%
Différences 1 Si tu plonges
10%
Beaurivage 5 Tant d'amour perdu
10%
Mon piano danse 7 Tijuana Night
10%
Beauséjour 2 Y'a vraiment qu'l'amour qui vaille la peine
10%
Puzzle 1 1er mouvement
7%
Beaurivage 4 Antoine
7%
D'autres filles 11 À quoi je rêve
7%
Beauséjour 10 C'est difficile d'être un homme aussi
7%
Beaurivage 3 Déjà je suis loin
7%
Michel Berger 1 Donne-moi du courage
7%
Beaurivage 8 Fais comme t'aimes
7%
Différences 4 Il vient de toi
7%
Michel Berger 11 Je t'aime vachement fort
7%
Dreams in Stone 1 JFK (Overture)
7%
Chansons pour une fan 4 La Chanson d'adieu
7%
Double Jeu 7 La Chanson de la négresse blonde
7%
D'autres filles 12 La Maison de campagne
7%
Différences 5 L'Ange aux cheveux roses
7%
Double Jeu 8 Les Couloirs des Halles
7%
Ça ne tient pas debout 3 Les enfants chantent toujours
7%
Mon piano danse 3 Les Tramways de Carouge
7%
Que l'amour est bizarre 1 Médina
7%
Mon piano danse 6 Mon bébé blond
7%
Michel Berger 4 Oublie-moi de sitôt
7%
Différences 8 Plus de sentiments
7%
Ça ne tient pas debout 4 Privé d'amour
7%
Chansons pour une fan 2 Quand elle était timide
7%
Chansons pour une fan 6 Quand on danse (À quoi tu penses)
7%
Différences 6 Splendide hasard
7%
Mon piano danse 8 Suzanne
7%
Chansons pour une fan 8 Tarzan
7%
Double Jeu 5 Toi sinon personne
7%
Beauséjour 5 Tout est possible
7%
Puzzle 2 2e mouvement
3%
Puzzle 3 3e mouvement
3%
Puzzle 4 3e mouvement (suite et fin)
3%
Dreams in Stone 2 American Island
3%
Dreams in Stone 8 Anything Can Happen Here
3%
Dreams in Stone 6 Apple Pie
3%
D'autres filles 8 Attention, les copains
3%
Différences 9 Ça la fait pleurer pour un rien
3%
Michel Berger 6 Ce que la pop music a fait d'une petite fille
3%
Beaurivage 9 C'est pas la peine de vivre
3%
Beauséjour 3 C'est pour quelqu'un
3%
Ça ne tient pas debout 6 Danser sur la glace
3%
Michel Berger 9 Demain
3%
Puzzle 5 Enfantillages
3%
D'autres filles 6 En t'attendant
3%
Différences 10 Et nulle part ailleurs
3%
Voyou 3 Incorrigible
3%
Dreams in Stone 9 Innocent Eyes
3%
Que l'amour est bizarre 10 J'aime
3%
D'autres filles 10 Je reviens seul
3%
Michel Berger 10 Je trouverai autre chose
3%
Beauséjour 8 Jouer du banjo
3%
Beauséjour 9 La Fille des années 2000
3%
Que l'amour est bizarre 9 Laisse-toi vivre
3%
Chansons pour une fan 10 La Petite Prière
3%
Chansons pour une fan 7 Le Bonheur à tout prix
3%
Que l'amour est bizarre 2 L'Enfant triste
3%
Mon piano danse 2 Les Mots simples
3%
Dreams in Stone 5 Living Under The Gun
3%
D'autres filles 1 L'Oiseau chanteur
3%
Ça ne tient pas debout 7 L'Un sans l'autre
3%
Beaurivage 7 On n'est pas seul
3%
Que l'amour est bizarre 6 Ose
3%
Que l'amour est bizarre 4 Où es-tu ?
3%
Dreams in Stone 10 Parade
3%
D'autres filles 3 Partout
3%
D'autres filles 4 Pourtant
3%
Que l'amour est bizarre 3 Qui m'attend
3%
Puzzle 6 Rêve du concerto
3%
Dreams in Stone 7 Rooftops
3%
Voyou 7 Squatter
3%
Dreams in Stone 4 Street Sonata
3%
D'autres filles 9 Tu n'y crois pas
3%
Dreams in Stone 3 Walking Through The Big Apple
3%
Aucun quiz correspondant
Distribution des résultats
% des personnes avec chaque résultat
Percentile par nombre de réponses
Votre historique - résultats
Vous n’avez pas pris ce quiz